[Event "64th ch-RUS HL"]
[Site "Taganrog RUS"]
[Date "2011.06.17"]
[Round "3"]
[White "Musalov,R"]
[Black "Kryakvin,D"]
[Result "0-1"]
[WhiteElo "2399"]
[BlackElo "2551"]
[EventDate "2011.06.15"]

1. e4 c5 2. c4 d6 3. Nc3 Nc6 4. g3 g6 5. d3 Bg7 6. Bg2 Nf6 7. Nge2 O-O 8.
O-O Ne8 9. Rb1 Nc7 10. a3 Bg4 11. h3 Bxe2 12. Nxe2 a5 13. f4 Ne6 14. h4
Ned4 15. Nc3 e6 16. h5 Rb8 17. Be3 b5 18. cxb5 Nxb5 19. e5 Ncd4 20. Nxb5
Rxb5 21. Bxd4 cxd4 22. Qa4 Rb6 23. exd6 Qxd6 24. Qxa5 Rb3 25. hxg6 hxg6 26.
Qd2 Qa6 27. Rfd1 Rfb8 28. Qc2 Bf8 29. Bc6 R3b6 30. Be4 Bd6 31. Rdc1 Rb3 32.
Rd1 Kg7 33. Qf2 Qa7 34. Rd2 Rxa3 35. Rc1 Rab3 36. Kg2 Be7 37. Rc4 Qa1 38.
Rcc2 Bf6 39. Qg1 Qa5 40. g4 g5 41. Kf3 Rh8 42. Rh2 Rbb8 43. Rh5 Rxh5 44.
gxh5 Kh6 45. Rg2 g4+ 46. Kg3 Bh4+ 47. Kxh4 Qxh5+ 48. Kg3 Qh3+ 49. Kf2 Rxb2+
50. Kf1 Rb1+ 51. Ke2 Rxg1 0-1

[Event "64th ch-RUS HL"]
[Site "Taganrog RUS"]
[Date "2011.06.17"]
[Round "3"]
[White "Rublevsky,S"]
[Black "Mikhailov,Se1"]
[Result "1-0"]
[WhiteElo "2682"]
[BlackElo "2399"]
[EventDate "2011.06.15"]

1. e4 c5 2. Nf3 d6 3. d4 cxd4 4. Nxd4 Nf6 5. Nc3 a6 6. Bc4 Qc7 7. Bb3 Nbd7
8. O-O Nc5 9. Nd5 Nxd5 10. exd5 g6 11. Re1 h6 12. Bf4 Bg7 13. c3 Nxb3 14.
axb3 Bd7 15. Qd2 Kf8 16. Re2 Re8 17. Rae1 g5 18. Be3 Qa5 19. Nc2 Bb5 20.
Ra1 Qc7 21. c4 Bd7 22. Bd4 Be5 23. Bxe5 dxe5 24. Qc3 f6 25. c5 Rc8 26. b4
Bf5 27. Ne3 Bg6 28. Nc4 Rd8 29. Rd2 Kg7 30. Rad1 Rhf8 31. Qf3 Rf7 32. d6
exd6 33. Nxd6 Rfd7 34. h4 gxh4 35. Qg4 Kh7 36. Ne4 Rxd2 37. Nxf6+ Kg7 38.
Rxd2 Qc8 39. Nh5+ Kh7 40. Qxh4 Rf8 41. Nf6+ Kg7 42. Ng4 Rh8 1-0

[Event "64th ch-RUS HL"]
[Site "Taganrog RUS"]
[Date "2011.06.17"]
[Round "3"]
[White "Kobalia,M"]
[Black "Kosintseva,T"]
[Result "1-0"]
[WhiteElo "2679"]
[BlackElo "2559"]
[EventDate "2011.06.15"]

1. e4 e5 2. Nf3 Nc6 3. Bb5 a6 4. Ba4 Nf6 5. O-O Be7 6. Re1 b5 7. Bb3 d6 8.
c3 O-O 9. d4 Bg4 10. Be3 exd4 11. cxd4 d5 12. e5 Ne4 13. Nc3 Nxc3 14. bxc3
Qd7 15. Bc2 Bh5 16. Bd3 Bg6 17. Bg5 Nd8 18. a4 Bxg5 19. Nxg5 Ne6 20. Bxg6
hxg6 21. Qg4 Qe7 22. f4 Rfe8 23. Re3 Nxg5 24. fxg5 Qe6 25. Qh4 bxa4 26. Rh3
Kf8 27. Qh8+ Ke7 28. Qxg7 Rg8 29. Qf6+ Qxf6 30. exf6+ Kd6 31. Rh7 Rgf8 32.
g4 Rab8 33. Rxa4 Rb2 34. Rxa6+ c6 35. Ra1 Rc2 36. Rh3 Re8 37. Rg3 Ree2 38.
h4 Rh2 39. h5 gxh5 40. g6 fxg6 41. Rf1 h4 42. f7 Rhf2 43. Rxf2 Rxf2 44.
Kxf2 hxg3+ 45. Kxg3 Ke7 46. Kf4 Kxf7 47. Ke5 1-0

[Event "64th ch-RUS HL"]
[Site "Taganrog RUS"]
[Date "2011.06.17"]
[Round "3"]
[White "Khairullin,I"]
[Black "Reshetnikov,Al"]
[Result "1/2-1/2"]
[WhiteElo "2649"]
[BlackElo "2487"]
[EventDate "2011.06.15"]

1. e4 c5 2. Nf3 Nc6 3. d4 cxd4 4. Nxd4 Nf6 5. Nc3 d6 6. Bg5 Bd7 7. Qd2 Rc8
8. f4 h6 9. Bxf6 gxf6 10. O-O-O Nxd4 11. Qxd4 Qa5 12. f5 h5 13. Kb1 Qc5 14.
Qd3 e6 15. Be2 Qe5 16. Qh3 h4 17. Bg4 Kd8 18. Rhf1 Bg7 19. Rd3 Rc5 20. Rfd1
Bf8 21. Qf3 Kc7 22. h3 Bc6 23. Rd4 b5 24. Qd3 a5 25. a3 b4 26. axb4 axb4
27. Rxb4 Be7 28. Qa6 Rc8 29. fxe6 fxe6 30. Nd5+ Bxd5 31. exd5 f5 32. Rb7+
Kd8 33. Qb6+ R5c7 34. Rxc7 Rxc7 35. Qb8+ Rc8 36. Qb6+ Ke8 37. Bf3 exd5 38.
Rxd5 Qe1+ 39. Rd1 Qe5 40. c3 Kf8 41. Rd2 Rc5 42. Qb7 Qe3 43. Rd5 Rxd5 44.
Bxd5 Kg7 45. Ka2 Kh6 46. Qd7 Qe5 47. Be6 Bf6 48. Bxf5 Qd5+ 49. Ka1 Kg5 50.
Bc2 Kf4 51. Qg4+ Ke3 52. Kb1 Bd8 53. Bf5 Bf6 54. Be6 Qd3+ 55. Ka2 Qa6+ 56.
Kb3 Qb5+ 57. Qb4 Qc6 58. Bc4 d5 59. Bb5 Qe6 60. Ka4 1/2-1/2

[Event "64th ch-RUS HL"]
[Site "Taganrog RUS"]
[Date "2011.06.17"]
[Round "3"]
[White "Bocharov,D"]
[Black "Goganov,A"]
[Result "1-0"]
[WhiteElo "2580"]
[BlackElo "2480"]
[EventDate "2011.06.15"]

1. d4 Nf6 2. c4 e6 3. Nc3 Bb4 4. e3 c5 5. Nge2 cxd4 6. exd4 O-O 7. a3 Be7
8. Nf4 d6 9. Be2 e5 10. dxe5 dxe5 11. Nfd5 Be6 12. O-O Nc6 13. Be3 Rc8 14.
Rc1 Re8 15. Bf3 Na5 16. b3 b6 17. Nxf6+ Bxf6 18. Qc2 Nxb3 19. Qxb3 Bxc4 20.
Qb1 Bd3 21. Qb3 Bc4 22. Qb1 Bd3 23. Qb4 a5 24. Qb3 Bc4 25. Qb1 Bd3 26. Bxb6
Bxb1 27. Bxd8 Bd3 28. Bxa5 Bxf1 29. Rxf1 Be7 30. a4 e4 31. Be2 Bc5 32. Nd5
Re5 33. Rd1 Rf5 34. Be1 h5 35. a5 Kf8 36. Nb6 Bxb6 37. axb6 Rb8 38. Rb1 Rd5
39. f3 e3 40. Bg3 Rb7 41. Bc7 Rd7 42. Rc1 1-0

[Event "64th ch-RUS HL"]
[Site "Taganrog RUS"]
[Date "2011.06.17"]
[Round "3"]
[White "Diu,V"]
[Black "Zakhartsov,Vi"]
[Result "1-0"]
[WhiteElo "2475"]
[BlackElo "2578"]
[EventDate "2011.06.15"]

1. e4 c5 2. Nc3 e6 3. Nf3 a6 4. d4 cxd4 5. Nxd4 Qc7 6. Bd3 Nf6 7. O-O Bc5
8. Nb3 Be7 9. f4 d6 10. e5 dxe5 11. fxe5 Nfd7 12. Qg4 g6 13. Bf4 Nxe5 14.
Qg3 Nbd7 15. Rae1 Qb6+ 16. Kh1 Nxd3 17. cxd3 Nf8 18. Be5 Rg8 19. Rxf7 Kxf7
20. Rf1+ Ke8 21. Qf3 Kd8 22. Qf7 Qc6 23. Qxg8 Qe8 24. Ne4 g5 25. Rf7 Ng6
26. Bc7+ 1-0

[Event "64th ch-RUS HL"]
[Site "Taganrog RUS"]
[Date "2011.06.17"]
[Round "3"]
[White "Chadaev,N"]
[Black "Airapetian,G"]
[Result "1-0"]
[WhiteElo "2577"]
[BlackElo "2460"]
[EventDate "2011.06.15"]

1. c4 e5 2. Nc3 Nf6 3. Nf3 Nc6 4. g3 d5 5. cxd5 Nxd5 6. Bg2 Nb6 7. O-O Be7
8. a3 Be6 9. d3 O-O 10. Be3 f6 11. Rc1 Rf7 12. Ne4 Bd5 13. Nc3 Be6 14. Qc2
Bf8 15. Ne4 Nd5 16. Bc5 Nde7 17. d4 exd4 18. Rfd1 Qe8 19. Nxd4 Nxd4 20.
Bxd4 Nf5 21. Bc5 b6 22. Bxf8 Qxf8 23. Qc6 Re8 24. e3 Kh8 25. Nc3 Nd6 26.
Nd5 Bd7 27. Qc2 c5 28. b4 Bf5 29. Qb2 cxb4 30. Qxb4 Rd8 31. Nf4 g5 32. Ne2
Bg6 33. Nd4 Nf5 34. Nc6 Rxd1+ 35. Rxd1 Qxb4 36. axb4 Rc7 37. Ra1 Be8 38.
Rxa7 Rxa7 39. Nxa7 Ne7 40. Bb7 Bd7 41. Kf1 Kg7 42. Ke2 Kf7 43. Kd3 Ke6 44.
Kc4 Kd6 45. Nb5+ Bxb5+ 46. Kxb5 Kc7 47. Be4 h6 48. f4 Nc8 49. Kc4 Kd6 50.
Kd4 Ne7 51. Bf3 Nf5+ 52. Kd3 Ne7 53. Ba8 Nf5 54. Ke2 Ne7 55. Kf3 Nf5 56.
Be4 Ne7 57. Bd3 Kd5 58. Bb5 Kd6 59. Bc4 Nf5 60. Bd3 Ng7 61. e4 Ke7 62. e5
gxf4 63. Kxf4 Ne6+ 64. Ke4 Ng5+ 65. Kd5 fxe5 66. Kxe5 Nf3+ 67. Kd5 Kd7 68.
h4 Nd2 69. Be2 Ke7 70. g4 Kd7 71. Kd4 Kc6 72. Kd3 Nb3 73. Kc3 Nc1 74. Bf1
1-0

[Event "64th ch-RUS HL"]
[Site "Taganrog RUS"]
[Date "2011.06.17"]
[Round "3"]
[White "Sitnikov,D"]
[Black "Vorobiov,E"]
[Result "1/2-1/2"]
[WhiteElo "2463"]
[BlackElo "2570"]
[EventDate "2011.06.15"]

1. e4 c5 2. Nf3 d6 3. Bc4 Nf6 4. d3 e6 5. O-O Be7 6. Re1 O-O 7. Bb3 b5 8.
a4 b4 9. e5 dxe5 10. Nxe5 Bb7 11. a5 Bd5 12. Nd2 Bd6 13. Nec4 Nc6 14. c3
Bf4 15. a6 Rb8 16. Ne4 Bxc1 17. Rxc1 bxc3 18. bxc3 Bxc4 19. Bxc4 Ne5 20.
Nxc5 Nxc4 21. dxc4 Qb6 22. Qd4 Rfd8 23. Rb1 Qc7 24. Rxb8 Qxb8 25. Qe3 Rc8
26. Ne4 Rxc4 27. Nxf6+ gxf6 28. h3 Qc7 29. Rd1 Kg7 30. Rc1 h6 31. Qf3 f5
32. Qb7 Rc6 33. Rb1 Rxc3 34. Qxc7 Rxc7 35. Rb7 Rc1+ 36. Kh2 f4 37. Rxa7 Rc2
38. Kg1 Rc1+ 39. Kh2 h5 40. Ra8 Ra1 41. h4 Kf6 42. f3 Kg7 1/2-1/2

[Event "64th ch-RUS HL"]
[Site "Taganrog RUS"]
[Date "2011.06.17"]
[Round "3"]
[White "Shomoev,A"]
[Black "Balashov,Y"]
[Result "1-0"]
[WhiteElo "2566"]
[BlackElo "2426"]
[EventDate "2011.06.15"]

1. e4 e5 2. f4 Bc5 3. Nf3 d6 4. Nc3 Nc6 5. Bb5 Nge7 6. f5 a6 7. Bc4 b5 8.
Bb3 Na5 9. d3 Nxb3 10. axb3 c6 11. Qe2 f6 12. Be3 Qb6 13. Bxc5 Qxc5 14.
O-O-O b4 15. d4 exd4 16. Na4 Qb5 17. Nxd4 Qxe2 18. Nxe2 d5 19. exd5 cxd5
20. Nb6 Rb8 21. Nxd5 Nxf5 22. Nd4 Nxd4 23. Rxd4 a5 24. Re1+ Kf7 25. Re7+
Kg6 26. Ra7 Re8 27. Ne7+ Kh5 28. Rxa5+ g5 29. Nd5 Kg6 30. Kd2 Re5 31. Ra7
Bb7 32. Nb6 Bc6 33. Nc4 Re6 34. g4 h5 35. gxh5+ Kxh5 36. Rc7 Bf3 37. c3 Kg6
38. cxb4 Re2+ 39. Kc3 Rxh2 40. Rd6 Be4 41. Re7 Rh3+ 42. Kd4 Bc2 43. Ne5+
Kf5 44. Nc6 Rc8 45. Re2 Rh4+ 46. Kc5 Bxb3 47. b5 Bc4 48. Rf2+ Kg4 49. Rdxf6
Bd3 50. Rd2 Be4 51. b6 Bxc6 52. Rxc6 Rb8 53. Rd4+ Kf3 54. Rxh4 gxh4 55. Rh6
1-0

[Event "64th ch-RUS HL"]
[Site "Taganrog RUS"]
[Date "2011.06.17"]
[Round "3"]
[White "Rodin,D"]
[Black "Yemelin,V"]
[Result "1/2-1/2"]
[WhiteElo "2404"]
[BlackElo "2584"]
[EventDate "2011.06.15"]

1. e4 c5 2. Nf3 d6 3. d4 cxd4 4. Nxd4 Nf6 5. Nc3 a6 6. Be3 e6 7. f4 b5 8.
Qf3 Bb7 9. Bd3 Nbd7 10. O-O b4 11. Nd1 g6 12. Nf2 Bg7 13. Qh3 Nc5 14. e5
Nd5 15. Ne4 Nxe3 16. Qxe3 Nxe4 17. Bxe4 Bxe4 18. Qxe4 O-O 19. Rad1 dxe5 20.
fxe5 Qa5 21. Nf3 Qxa2 22. Ng5 Ra7 23. Qxb4 Rc7 24. c3 h6 25. Nf3 Qc4 26.
Qd6 Rc6 27. Qd7 Rc7 28. Qd6 Rc6 29. Qd7 Qc5+ 30. Rf2 Rfc8 31. Rd4 R6c7 32.
Qa4 a5 33. Re2 Rb8 34. Kf1 Rcb7 35. Rdd2 Qc7 36. h4 Rb5 37. Qf4 f5 38. Nd4
R5b6 39. g4 Kh7 40. gxf5 gxf5 41. Nf3 Rd8 42. Rxd8 Qxd8 43. Qd4 Qc7 44. h5
Rb5 45. Qd6 Qb7 46. Kf2 Rb6 47. Qd2 Rb5 48. Qd6 Rb6 49. Qd2 Qf7 50. Qd8 Rb5
51. Rd2 Qxh5 52. Qd7 Rxe5 53. Nxe5 Qh2+ 54. Ke1 Qh1+ 55. Kf2 Qh2+ 56. Kf3
Qh3+ 57. Ke2 Qh2+ 58. Kd1 Qxe5 59. Re2 Qf4 60. Qxe6 h5 61. Kc2 h4 62. Rg2
Qa4+ 63. Kd2 Bh6+ 64. Ke2 Qc2+ 65. Kf1 Qd1+ 66. Kf2 Qd2+ 67. Qe2 Qd6 68.
Qh5 Qf4+ 69. Kg1 Qe3+ 70. Kh2 Qe5+ 71. Kh3 Qe3+ 72. Kxh4 Qe1+ 73. Kh3 Qh1+
74. Rh2 Qf1+ 75. Kg3 Qf4+ 76. Kg2 Qd2+ 77. Kf3 Qe3+ 78. Kg2 Qd2+ 79. Kf3
Qe3+ 80. Kg2 Qd2+ 1/2-1/2

[Event "64th ch-RUS HL"]
[Site "Taganrog RUS"]
[Date "2011.06.17"]
[Round "3"]
[White "Chuprov,D"]
[Black "Polschikov,A"]
[Result "0-1"]
[WhiteElo "2520"]
[BlackElo "2395"]
[EventDate "2011.06.15"]

1. e4 d6 2. f4 c5 3. Nc3 Nc6 4. Bb5 Bd7 5. Nf3 e6 6. O-O Be7 7. d3 a6 8.
Bxc6 Bxc6 9. g4 Nf6 10. g5 Nd7 11. h4 O-O 12. f5 Re8 13. Bf4 b5 14. Qd2 b4
15. Ne2 d5 16. Ng3 dxe4 17. dxe4 exf5 18. exf5 Bxf3 19. Rxf3 Ne5 20. Rf2
Qxd2 21. Bxd2 Nc4 22. b3 Bd6 23. Bf4 Bxf4 24. Rxf4 Ne3 25. Rf2 Rad8 26. Re1
Kf8 27. Rfe2 Nxc2 28. Rxe8+ Rxe8 29. Rc1 Re1+ 30. Rxe1 Nxe1 31. Kf2 Nd3+
32. Ke3 c4 33. bxc4 Nc1 34. c5 Nxa2 35. Kd3 b3 36. Ne4 a5 37. Nd2 a4 38.
Kc4 Ke7 39. Nb1 Kd7 40. Kb5 Nc3+ 41. Nxc3 a3 42. c6+ Kc8 43. Kb6 b2 0-1

[Event "64th ch-RUS HL"]
[Site "Taganrog RUS"]
[Date "2011.06.17"]
[Round "3"]
[White "Sek,K"]
[Black "Mokshanov,A"]
[Result "1-0"]
[WhiteElo "2432"]
[BlackElo "2393"]
[EventDate "2011.06.15"]

1. e4 e6 2. d4 d5 3. Nd2 Nf6 4. e5 Nfd7 5. c4 dxc4 6. Nxc4 Nb6 7. Nf3 Nc6
8. a3 Be7 9. Be3 O-O 10. Qc2 Nd5 11. Bd3 h6 12. O-O Re8 13. b4 a6 14. Rac1
Bf8 15. Qe2 Bd7 16. Bd2 Nce7 17. Qe4 g6 18. Qh4 Nf5 19. Qh3 h5 20. g4 hxg4
21. Qxg4 Be7 22. Na5 b6 23. Nc6 Bxc6 24. Rxc6 Kg7 25. Ng5 Bxg5 26. Bxg5 Qd7
27. Rfc1 Rh8 28. Bxf5 exf5 29. Qg2 Rh5 30. Bf6+ Kh7 31. Rd6 cxd6 32. Qxd5
Ra7 33. Qxd6 Qxd6 34. exd6 Rd7 35. Be7 Rh3 36. Rc7 Rxc7 37. dxc7 Rc3 38.
Bc5 1-0

[Event "64th ch-RUS HL"]
[Site "Taganrog RUS"]
[Date "2011.06.18"]
[Round "4"]
[White "Sjugirov,S"]
[Black "Zvjaginsev,V"]
[Result "1/2-1/2"]
[WhiteElo "2629"]
[BlackElo "2659"]
[EventDate "2011.06.15"]

1. e4 e6 2. d4 d5 3. Nd2 c5 4. Ngf3 Nc6 5. exd5 exd5 6. Bb5 cxd4 7. O-O Bd6
8. Nb3 Nge7 9. Nbxd4 O-O 10. h3 Nxd4 11. Nxd4 Bc7 12. Bd3 Qd6 13. g3 Bb6
14. Be3 Bxd4 15. Bxd4 Nc6 16. c3 Nxd4 17. cxd4 Qf6 18. h4 Bf5 19. Re1 Bxd3
20. Qxd3 Rae8 21. Rac1 g6 22. Re3 Re6 23. Rce1 Rfe8 24. Kg2 Kg7 25. a3 h5
26. R1e2 R8e7 27. Re1 Re8 28. R1e2 R8e7 29. Re1 Re8 1/2-1/2

[Event "64th ch-RUS HL"]
[Site "Taganrog RUS"]
[Date "2011.06.18"]
[Round "4"]
[White "Najer,E"]
[Black "Volkov,Sergey1"]
[Result "1/2-1/2"]
[WhiteElo "2643"]
[BlackElo "2615"]
[EventDate "2011.06.15"]

1. d4 d5 2. c4 c6 3. Nc3 Nf6 4. Nf3 a6 5. g3 dxc4 6. Bg2 b5 7. O-O e6 8.
Ne5 Bb7 9. a4 Nd5 10. e4 Nxc3 11. bxc3 Nd7 12. f4 Be7 13. Ng4 h5 14. Ne3
Qc7 15. e5 g6 16. Ba3 Nb6 17. Bxe7 Qxe7 18. Qc2 Nd5 19. Bxd5 cxd5 20. axb5
axb5 21. Qb2 O-O 22. Qxb5 Ra3 23. Qb2 Rb3 24. Qd2 Ra8 25. Rac1 Rba3 26. g4
Qh4 27. f5 Ra2 28. Rc2 Rxc2 29. Qxc2 Qg5 30. Ng2 Qxg4 31. fxg6 Qxg6 32.
Qxg6+ fxg6 33. Nf4 Kf7 34. Nxh5+ Ke7 35. Nf4 g5 36. Nh3 Rg8 37. Rf3 g4 38.
Rg3 Bc6 39. Nf2 Ra8 40. Nxg4 Ra1+ 41. Kg2 Ra2+ 42. Kf3 Ba4 43. Kf4 Bd1 44.
Ne3 Bh5 45. h4 Ra8 46. Rg5 Rf8+ 47. Nf5+ Rxf5+ 48. Rxf5 exf5 49. Kxf5 Kf7
50. e6+ Ke7 51. Ke5 Bf3 52. h5 Bxh5 53. Kxd5 Bg4 54. Ke4 1/2-1/2

[Event "64th ch-RUS HL"]
[Site "Taganrog RUS"]
[Date "2011.06.18"]
[Round "4"]
[White "Romanov,E"]
[Black "Potkin,V"]
[Result "1/2-1/2"]
[WhiteElo "2624"]
[BlackElo "2682"]
[EventDate "2011.06.15"]

1. Nf3 d5 2. d4 Nf6 3. c4 c6 4. Nc3 e6 5. cxd5 exd5 6. Qc2 Be7 7. Bg5 g6 8.
e4 dxe4 9. Bxf6 Bxf6 10. Qxe4+ Qe7 11. Bc4 Bf5 12. Qxe7+ Kxe7 13. O-O-O Nd7
14. h3 h5 15. Rhe1+ Kf8 16. Bd3 Bxd3 17. Rxd3 Kg7 18. Ne4 Rhd8 19. Nd6 Rab8
20. Rde3 Kf8 21. Ne4 Kg7 22. Nd6 Kf8 23. Ne4 Kg7 1/2-1/2

[Event "64th ch-RUS HL"]
[Site "Taganrog RUS"]
[Date "2011.06.18"]
[Round "4"]
[White "Alekseev,Evgeny"]
[Black "Shimanov,A"]
[Result "1-0"]
[WhiteElo "2673"]
[BlackElo "2583"]
[EventDate "2011.06.15"]

1. e4 c6 2. d4 d5 3. e5 Bf5 4. h4 h5 5. c4 e6 6. Nc3 Ne7 7. Nge2 Bg4 8. Bg5
Qb6 9. Qd2 Nd7 10. Ng3 f6 11. exf6 gxf6 12. Be3 Nf5 13. Nxf5 Bxf5 14. cxd5
cxd5 15. Rc1 Kf7 16. Be2 Bd6 17. Nb5 Bb8 18. Bf4 Bxf4 19. Qxf4 Ke7 20. O-O
Rag8 21. Rfe1 a6 22. Nc3 Qd6 23. Bf3 1-0

[Event "64th ch-RUS HL"]
[Site "Taganrog RUS"]
[Date "2011.06.18"]
[Round "4"]
[White "Bukavshin,I"]
[Black "Grachev,B"]
[Result "1/2-1/2"]
[WhiteElo "2502"]
[BlackElo "2669"]
[EventDate "2011.06.15"]

1. d4 d5 2. c4 e6 3. Nc3 a6 4. cxd5 exd5 5. Nf3 c6 6. Bf4 Bd6 7. Bxd6 Qxd6
8. e3 Nf6 9. Qc2 Nbd7 10. Bd3 O-O 11. O-O Re8 12. h3 Nf8 13. Rab1 Ng6 14.
b4 Qe7 15. a4 Ne4 16. b5 axb5 17. axb5 Ng5 18. Nxg5 Qxg5 19. bxc6 bxc6 20.
f4 Qf6 21. f5 Nf8 22. Qf2 Ba6 23. Bxa6 Rxa6 24. Ra1 Rb6 25. Rab1 Rxb1 26.
Rxb1 h6 27. Qf4 Qd8 28. Na4 Nh7 29. Nc5 Nf6 30. Rb7 Qa5 31. Rb8 Qe1+ 32.
Kh2 Rxb8 33. Qxb8+ Kh7 34. Qg3 Qf1 35. Qf3 Qb1 36. Qf4 Kg8 37. Qf3 Qb8+ 38.
Qg3 Qb1 39. Qf3 Qb8+ 40. Qg3 Qb1 1/2-1/2

[Event "64th ch-RUS HL"]
[Site "Taganrog RUS"]
[Date "2011.06.18"]
[Round "4"]
[White "Timofeev,Arty"]
[Black "Frolyanov,D"]
[Result "1-0"]
[WhiteElo "2665"]
[BlackElo "2599"]
[EventDate "2011.06.15"]

1. d4 d5 2. c4 e6 3. Nc3 c6 4. e4 dxe4 5. Nxe4 Bb4+ 6. Bd2 Qxd4 7. Bxb4
Qxe4+ 8. Ne2 Na6 9. Bf8 Ne7 10. Bxg7 Rg8 11. Qd4 Qxd4 12. Bxd4 c5 13. Bf6
Rg6 14. Bc3 Nb4 15. Nf4 Rg5 16. h4 Rf5 17. Nd3 Nc2+ 18. Kd2 Nxa1 19. g4 Rf3
20. Be2 Rxd3+ 21. Bxd3 e5 22. f3 f5 23. g5 e4 24. Bf6 b5 25. fxe4 Bb7 26.
Rxa1 fxe4 27. Bc2 Rd8+ 28. Ke2 Rd4 29. Rf1 bxc4 30. Ba4+ Kd8 31. h5 c3 32.
Bxd4 Ba6+ 33. Ke1 Bxf1 34. Bxc3 Bd3 35. g6 e3 36. Bb5 Bb1 37. Bf6 hxg6 38.
h6 g5 39. Ke2 1-0

[Event "64th ch-RUS HL"]
[Site "Taganrog RUS"]
[Date "2011.06.18"]
[Round "4"]
[White "Khismatullin,D"]
[Black "Landa,K"]
[Result "1-0"]
[WhiteElo "2656"]
[BlackElo "2613"]
[EventDate "2011.06.15"]

1. d4 d5 2. c4 e6 3. Nc3 Be7 4. Nf3 Nf6 5. cxd5 exd5 6. Qc2 c6 7. h3 g6 8.
Bh6 Bf5 9. Qc1 c5 10. e3 c4 11. g4 Be6 12. Bg2 Nc6 13. O-O Qa5 14. b3 O-O-O
15. Bg7 Rhg8 16. Bxf6 Bxf6 17. bxc4 dxc4 18. Rb1 a6 19. Nd2 h5 20. Nce4
Bxd4 21. Nxc4 Qc7 22. exd4 hxg4 23. Nc5 Bxc4 24. Rxb7 1-0

[Event "64th ch-RUS HL"]
[Site "Taganrog RUS"]
[Date "2011.06.18"]
[Round "4"]
[White "Papin,V"]
[Black "Kurnosov,I"]
[Result "0-1"]
[WhiteElo "2565"]
[BlackElo "2633"]
[EventDate "2011.06.15"]

1. d4 Nf6 2. c4 g6 3. Nf3 Bg7 4. g3 d5 5. cxd5 Nxd5 6. Bg2 Nb6 7. Nc3 Nc6
8. e3 O-O 9. O-O Re8 10. d5 Na5 11. Nd4 Bd7 12. Nb3 Nxb3 13. axb3 c6 14.
dxc6 Bxc6 15. Bxc6 bxc6 16. Qc2 Qc8 17. Rd1 Qb7 18. e4 c5 19. Be3 c4 20. b4
Nd7 21. Na4 Ne5 22. Bc5 Red8 23. f4 Nf3+ 24. Kf2 Nd4 25. Qxc4 Qxe4 26. Ra3
e5 27. Bxd4 Rxd4 28. Rxd4 exd4 29. Qe2 Qh1 30. h4 Rb8 31. Nc5 Rxb4 32. Nd3
Rc4 33. Ne1 Qc6 34. Qf3 Qb6 35. Rb3 Rb4 36. Rxb4 Qxb4 37. Nd3 Qb3 38. Qe2
h5 39. Qe8+ Kh7 40. Qe2 Qb5 41. Qf3 a5 42. Ke2 a4 43. Qe4 Bf6 44. Kd2 Kg7
45. Ke2 Qc4 46. Kd2 Qc8 47. Ke2 Qc2+ 48. Kf3 Qd2 49. Qe2 Qa5 50. Qe4 Kf8
51. Ke2 Qb5 52. Kf3 Kg7 53. Ke2 Kh7 54. Kf3 Bg7 55. Ke2 f5 56. Qf3 Qe8+ 57.
Kd2 Qe3+ 58. Qxe3 dxe3+ 59. Kxe3 Bxb2 60. Nb4 Bc3 61. Nc2 Bb2 62. Kd3 a3
63. Nb4 Kg7 64. Kc2 Bd4 65. Kb3 Bf2 66. Kxa3 Bxg3 67. Nd5 Bxh4 68. Kb3 Bg3
69. Kc2 h4 70. Kd3 h3 0-1

[Event "64th ch-RUS HL"]
[Site "Taganrog RUS"]
[Date "2011.06.18"]
[Round "4"]
[White "Kryakvin,D"]
[Black "Matlakov,M"]
[Result "0-1"]
[WhiteElo "2551"]
[BlackElo "2632"]
[EventDate "2011.06.15"]

1. c4 Nf6 2. Nc3 e6 3. Nf3 d5 4. d4 c6 5. cxd5 exd5 6. Qc2 g6 7. Bg5 Be7 8.
e3 Bf5 9. Bd3 Bxd3 10. Qxd3 Nbd7 11. Bh6 Bf8 12. Bxf8 Kxf8 13. O-O a5 14.
Ne5 Kg7 15. Nxd7 Qxd7 16. f3 Rhe8 17. e4 dxe4 18. fxe4 c5 19. d5 Ng4 20.
Qg3 a4 21. Rad1 Ne5 22. d6 Ra6 23. Rd5 f6 24. Qf2 Rxd6 25. Qxc5 Rxd5 26.
Nxd5 Qc6 27. Qe3 Ng4 28. Qf3 Rxe4 29. Qxe4 Qc5+ 30. Ne3 Nxe3 31. Qxb7+ Kh6
32. h3 Nxf1+ 33. Kxf1 Qc4+ 34. Kg1 Qxa2 35. Qb4 Qb1+ 36. Kh2 Qc2 37. Qd4
Qc6 38. Qd8 Qe6 39. Qf8+ Kg5 40. Qb4 Qe5+ 41. Kh1 Qf4 42. Qc3 Kh6 43. Qa3
Qc1+ 44. Kh2 Qc4 45. Qd6 Kg5 46. Qg3+ Kf5 47. Qe1 g5 48. g4+ Kf4 49. Qf2+
Ke4 50. Qxf6 Qe2+ 51. Kg3 Qe3+ 52. Kg2 Qd2+ 53. Kh1 Qf4 54. Qc6+ Ke3 55.
Qc3+ Kf2 56. Qc2+ Kg3 57. Qh2+ Kh4 58. Qxf4 gxf4 59. Kg2 h6 60. Kf2 f3 61.
Kxf3 Kxh3 0-1

[Event "64th ch-RUS HL"]
[Site "Taganrog RUS"]
[Date "2011.06.18"]
[Round "4"]
[White "Kobalia,M"]
[Black "Grigoriants,S RUS"]
[Result "1/2-1/2"]
[WhiteElo "2679"]
[BlackElo "2562"]
[EventDate "2011.06.15"]

1. e4 c6 2. d4 d5 3. exd5 cxd5 4. c4 Nf6 5. Nc3 Nc6 6. Bg5 Be6 7. a3 g6 8.
Bxf6 exf6 9. g3 Qd7 10. Bg2 Ne7 11. c5 h5 12. Qf3 Bg7 13. Nge2 f5 14. Rd1
h4 15. Nf4 Kf8 16. O-O g5 17. Nxe6+ fxe6 18. g4 f4 19. b4 Nc6 20. Ne2 h3
21. Bh1 a6 22. Rfe1 Rh4 23. Kf1 Bf6 24. Rd2 Re8 25. Red1 Qg7 26. Kg1 Re7
27. Kf1 Re8 28. Kg1 Re7 29. Kf1 1/2-1/2

[Event "64th ch-RUS HL"]
[Site "Taganrog RUS"]
[Date "2011.06.18"]
[Round "4"]
[White "Inarkiev,E"]
[Black "Diu,V"]
[Result "1-0"]
[WhiteElo "2679"]
[BlackElo "2475"]
[EventDate "2011.06.15"]

1. e4 c5 2. Nf3 Nc6 3. Nc3 g6 4. d4 cxd4 5. Nxd4 Bg7 6. Be3 Nf6 7. Bc4 Qa5
8. O-O O-O 9. h3 d6 10. Nd5 Re8 11. Nxf6+ Bxf6 12. c3 Bd7 13. Qb3 Ne5 14.
Be2 g5 15. a4 Kh8 16. Bb5 Bc6 17. f4 gxf4 18. Bxf4 Bxe4 19. Rae1 Bc6 20.
Bxe5 dxe5 21. Qxf7 Rf8 22. Qh5 exd4 23. Rxe7 Bxe7 24. Qe5+ Bf6 25. Rxf6
Rxf6 26. Qxf6+ Kg8 27. Qg5+ Kf8 28. Qc5+ Kg7 29. Qe7+ Kg8 30. Qe6+ Kf8 31.
Qf6+ Kg8 32. Bc4+ Bd5 33. Qg5+ Kf8 34. Qf5+ Ke7 35. Qe5+ Kf8 36. Bxd5 dxc3
37. bxc3 Qb6+ 38. Kh1 Re8 39. Qh8+ Ke7 40. Qxh7+ Kd8 41. Qh4+ Kc8 42. Bf7
Rd8 43. Qg4+ Kb8 44. c4 a5 45. Bd5 Re8 46. h4 Re1+ 47. Kh2 Qc7+ 48. g3 Ra1
49. h5 Ra2+ 50. Kh3 Ka7 51. h6 Qe5 52. h7 Rxa4 53. Bf3 Ra3 54. Qe4 1-0

[Event "64th ch-RUS HL"]
[Site "Taganrog RUS"]
[Date "2011.06.18"]
[Round "4"]
[White "Evdokimov,Alexa"]
[Black "Savchenko,B"]
[Result "0-1"]
[WhiteElo "2561"]
[BlackElo "2630"]
[EventDate "2011.06.15"]

1. d4 Nf6 2. Nf3 e6 3. c4 b6 4. g3 Bb4+ 5. Bd2 a5 6. Bg2 O-O 7. O-O Bb7 8.
Nc3 c6 9. Qc2 d5 10. Bg5 dxc4 11. Ne4 b5 12. Nxf6+ gxf6 13. Bh6 Re8 14. e4
Nd7 15. e5 a4 16. Qe4 Kh8 17. exf6 Qxf6 18. Bf4 Qg6 19. Qe2 f6 20. a3 Bf8
21. Nh4 Qf7 22. Bf3 e5 23. dxe5 fxe5 24. Bd2 Nf6 25. Bc3 Kg8 26. Rfe1 e4
27. Bg2 Rad8 28. Qe3 Bc8 29. Qf4 Bg7 30. Re2 Qh5 31. Bxf6 Qxe2 32. Bxd8
Rxd8 33. Bxe4 Bh3 34. Bf3 Qxb2 35. Re1 Qc3 36. Qe4 b4 37. g4 bxa3 38. Nf5
a2 39. Qe6+ Kh8 40. Qe8+ Bf8 0-1

[Event "64th ch-RUS HL"]
[Site "Taganrog RUS"]
[Date "2011.06.18"]
[Round "4"]
[White "Danin,A"]
[Black "Bocharov,D"]
[Result "1/2-1/2"]
[WhiteElo "2534"]
[BlackElo "2580"]
[EventDate "2011.06.15"]

1. e4 c5 2. Nf3 e6 3. d4 cxd4 4. Nxd4 a6 5. Nc3 Qc7 6. Be2 b5 7. O-O Bb7 8.
Re1 Nc6 9. Nxc6 dxc6 10. e5 Rd8 11. Bd3 c5 12. Bg5 Ne7 13. Qg4 Rd4 14. Qg3
Ng6 15. Ne2 Rd7 16. Rad1 c4 17. Bxg6 hxg6 18. Rxd7 Qxd7 19. Nc3 Be7 20. Rd1
Qc7 21. Bxe7 Qxe7 22. Qe3 O-O 23. a3 Rd8 24. Rxd8+ Qxd8 25. f3 a5 26. Nxb5
Qd1+ 27. Kf2 Qxc2+ 28. Qe2 Qc1 29. Nc3 Kf8 30. Nd1 Bd5 31. Nc3 g5 32. h3
Ke7 33. Na2 Qb1 34. Nc3 Qc1 35. Na2 Qb1 36. Nc3 Qc1 37. Na2 Qb1 38. Nc3
1/2-1/2

[Event "64th ch-RUS HL"]
[Site "Taganrog RUS"]
[Date "2011.06.18"]
[Round "4"]
[White "Vorobiov,E"]
[Black "Shomoev,A"]
[Result "1-0"]
[WhiteElo "2570"]
[BlackElo "2566"]
[EventDate "2011.06.15"]

1. d4 Nf6 2. c4 g6 3. g3 Bg7 4. Bg2 O-O 5. Nc3 d6 6. Nf3 c6 7. O-O Qa5 8.
e4 e5 9. h3 Nbd7 10. Re1 exd4 11. Nxd4 Ne5 12. Bf1 Re8 13. Be3 c5 14. Nb3
Qb4 15. a3 Qb6 16. Nd2 Nc6 17. Rb1 Qd8 18. Bg2 a6 19. f4 Rb8 20. Bf2 Nd4
21. Nf3 Nxf3+ 22. Qxf3 Be6 23. Rbd1 Qc7 24. Qd3 Rbd8 25. g4 Qc8 26. Bh4 Kh8
27. Qf1 b5 28. cxb5 axb5 29. Qxb5 Qc7 30. f5 Rb8 31. Qd3 Bb3 32. Qxd6 Qxd6
33. Rxd6 Ng8 34. Bf2 Be5 35. Rd2 Rec8 36. Bf1 Kg7 37. Kg2 Ne7 38. Be3 f6
39. Rc1 Bf7 40. Nd1 gxf5 41. gxf5 c4 42. Rdc2 Rb3 43. Bxc4 Bxc4 44. Rxc4
Rd8 45. Kf2 Rdd3 46. Rb4 Rxb4 47. axb4 Rb3 48. Rc4 Kf7 49. Ke2 Bxb2 50.
Nxb2 Rxb2+ 51. Bd2 Ke8 52. Kd3 Kd7 53. Bc3 Rh2 54. Bxf6 Rxh3+ 55. Kd4 Nc6+
56. Kc5 1-0